00326nam a2200133Ia 4500008004100000020001500041041001200056082001100068100001500079245005000094260003200144300000800176650000800184221030s9999 xx 000 0 und d a8131801101 aEnglish a105.23 aR. Shaffer 0aFundamentals of Power Electronics with Matlab bLaxmi Pub.aNew Delhic2009 a384 aECE